Escalating spousal violence in Assam: Observations from NFHS-4 and NFHS-5 rounds (Record no. 533196)
[ view plain ]
| 000 -LEADER | |
|---|---|
| fixed length control field | 01114nam a22001337a 4500 |
| 008 - FIXED-LENGTH DATA ELEMENTS--GENERAL INFORMATION | |
| fixed length control field | 260429b ||||| |||| 00| 0 eng d |
| 100 ## - MAIN ENTRY--PERSONAL NAME | |
| Personal name | Loying, Rishi and Boruah, Jayanta |
| 245 ## - TITLE STATEMENT | |
| Title | Escalating spousal violence in Assam: Observations from NFHS-4 and NFHS-5 rounds |
| 260 ## - PUBLICATION, DISTRIBUTION, ETC. (IMPRINT) | |
| Place of publication, distribution, etc | Economic & Political Weekly |
| 300 ## - PHYSICAL DESCRIPTION | |
| Extent | 61(11), Mar 14, 2026: p.21-23 |
| 520 ## - SUMMARY, ETC. | |
| Summary, etc | Despite a nearly balanced gender ratio and the perception of higher autonomy among Assamese women, the state has witnessed a disturbing rise in spousal violence, surpassing national averages. This article investigates the evolving trends and determinants of spousal violence in Assam by analysing data from the National Family Health Survey-4 (2015–16) and NFHS-5 (2019–21) rounds. There is an urgent need for a multi-sectoral policy response through community engagement, institutional accountability, legal reforms, and expansion of helpline and counselling services.-Reproduced https://www.epw.in/journal/2026/11/commentary/escalating-spousal-violence-assam.html |
| 773 ## - HOST ITEM ENTRY | |
| Main entry heading | Economic & Political Weekly |
| 942 ## - ADDED ENTRY ELEMENTS (KOHA) | |
| Item type | Articles |
| Withdrawn status | Lost status | Source of classification or shelving scheme | Damaged status | Not for loan | Permanent location | Current location | Date acquired | Serial Enumeration / chronology | Barcode | Date last seen | Koha item type |
|---|---|---|---|---|---|---|---|---|---|---|---|
| Indian Institute of Public Administration | Indian Institute of Public Administration | 2026-04-29 | 61(11), Mar 14, 2026: p.21-23 | AR138708 | 2026-04-29 | Articles |
